000 00622nam a2200229Ia 4500
003 OSt
005 20220918231058.0
006 a|||||r|||| 00| 0
007 ta
008 220917b |||||||| |||| 00| 0 eng d
024 _a262,973
037 _cTextual
040 _aARTS
_cARTS
_beng
041 _2eng
_aeng
082 _aV216:71.D, K3
100 _aKhan Abdul Waheed
245 0 _aMonograph on yeleswaram excavations
260 _aHyderabad
_bGovernment of Andhra Pradesh India
_c1963
650 _aHISTORY
942 _hV216:71.D, K3
_cTEXL
_2CC
999 _c289787
_d289787